| 000 | 00481nam a22001457a 4500 | ||
|---|---|---|---|
| 005 | 20260311105547.0 | ||
| 008 | 260311b |||||||| |||| 00| 0 eng d | ||
| 020 | _a978-1-84022-186-2 | ||
| 100 | _aDOSTOEVSKY, FYODOR | ||
| 245 | _aTHE KARAMAZOV BROTHERS | ||
| 260 |
_aHERTFORDSHIRE _bWORDSWORTH CLASSICS _c2007 |
||
| 300 | _aXXIV, 870P. | ||
| 650 | _a1. Fathers and sons--Fiction 2. Brothers--Fiction 3. Russia--Social life and customs--1533-1917--Fiction | ||
| 942 |
_2lcc _cBK |
||
| 999 |
_c216824 _d216824 |
||